<Der> Handel <Das> Wirschaftsmagazin für Handelsunternehmer

Saved in:
Bibliographic Details
Format: Serial
Language:German
Published: Frankfurt am Main DFV Mediengruppe 2020
Subjects:
Tags: Add Tag
No Tags, Be the first to tag this record!

MARC

LEADER 00000nas2a2200000 4500
001 0303459
005 20240808145915.2
022 |a 0942-4881 
041 0 |a ger 
044 |a DE 
245 1 0 |a <Der> Handel  |b <Das> Wirschaftsmagazin für Handelsunternehmer 
264 1 |a Frankfurt am Main  |b DFV Mediengruppe  |c 2020 
773 0 |w eu_un_cat*s120195 
610 2 0 |a obchod vnútorný 
610 2 0 |a manažment 
610 2 0 |a riadenie obchodu